00447 2200181 4500001002100000005001500021035002000036008004100056245003700097100001600134250000600150260003200156300002900188084001400217082000800231650001400239990001200253INLIS00000000000003120240502103136 a0010-0424000007240502 0 ind 1 aGeografi Kelas XII /cAji Arifin aArifin, Aji a1 aJakarta :bKEMDIKBUD,c2016 a252 hlm ;c17 cm x 25 cm a900 AJI g a900 4aNon Fiksi a0737351